000 00343pab a2200157 454500
008 180718b2010 xxu||||| |||| 00| 0 eng d
100 _aIlaiah, Kancha
245 _aOur Scotomas and education
260 _c2010
300 _ap.29-30.
362 _a31 Jul
650 _aEducation
773 _aMainstream
908 _aN
909 _a87149
999 _c87149
_d87149